|
|
|
|
| LEADER |
00000nam a2200000 a 4500 |
| 001 |
vtls001268130 |
| 003 |
SK-MaSNL |
| 005 |
20260301064456.0 |
| 008 |
240318s1985 xx 0 und |
| 035 |
|
|
|a SNK000219129
|
| 040 |
|
|
|a SNK
|b slo
|c SNK
|e AACR2
|
| 100 |
1 |
|
|a Pijoán, José,
|d 1881-1963
|4 aut
|9 40559
|
| 245 |
1 |
0 |
|a Dějiny umění 7
|
| 260 |
|
|
|a Praha
|b Odeon
|c 1985
|
| 300 |
|
|
|a 348 s.
|
| 958 |
|
|
|a OND
|
| 999 |
|
|
|c 627021
|d 628951
|
| 952 |
|
|
|t P60, <04>, [BOOK], {604}
|a SNK
|b SNK
|y VYP
|7 0
|p 17A0022819
|o snkSB 34875/7 D1
|0 0
|1 0
|4 0
|d 1996-11-28
|l 0
|r 2005-01-01 00:00:00
|w 2026-02-23
|
| 952 |
|
|
|a SNK
|b SNK
|y PREZ
|7 0
|p 17A0953152
|o snkSB 34875/7
|0 0
|1 0
|4 0
|d 2012-07-19
|l 0
|r 2025-04-10 00:00:00
|w 2026-02-23
|